[Event "NJSK 2019 Meisjes A"]
[Site "Assen, Netherlands"]
[Date "2019.04.28"]
[Round "1.2"]
[White "Koning, Femke"]
[Black "Duson, Robin"]
[Result "0-1"]
[WhiteElo "1566"]
[BlackElo "1981"]
[PlyCount "71"]
[EventDate "2019.??.??"]

1. e4 c5 2. Nf3 e6 3. c3 d5 4. exd5 Qxd5 5. d4 Nf6 6. Be3 cxd4 7. Qxd4 Nc6 8.
Qxd5 Nxd5 9. Bd4 Nxd4 10. Nxd4 a6 11. Nd2 Bd7 12. N2f3 Bd6 13. Bc4 Nf4 14. O-O
Rc8 15. Bb3 O-O 16. Rad1 Rfd8 17. Rfe1 Bb8 18. Bc2 Be8 19. Be4 Nd5 20. Rc1 b5
21. Rcd1 g6 22. Nc2 Bc6 23. Nfd4 Bb7 24. Nb4 a5 25. Nxd5 Bxd5 26. Bxd5 Rxd5 27.
Nb3 Rxd1 28. Rxd1 a4 29. Nd4 Rd8 30. Re1 Rd5 31. Nc6 Bd6 32. g3 Rd2 33. Kf1
Rxb2 34. Rd1 Bc5 35. Nd4 Rxa2 36. Ne2 0-1

[Event "NJSK 2019 Meisjes A"]
[Site "Assen, Netherlands"]
[Date "2019.04.29"]
[Round "2.1"]
[White "Warnaar, Alisha"]
[Black "Waardenburg, Feline"]
[Result "0-1"]
[WhiteElo "1910"]
[BlackElo "1742"]
[PlyCount "86"]
[EventDate "2019.??.??"]

1. e4 c6 2. d4 d5 3. Nc3 dxe4 4. Nxe4 Bf5 5. Ng3 Bg6 6. h4 h6 7. Nf3 Nd7 8. h5
Bh7 9. Bd3 Bxd3 10. Qxd3 e6 11. Bf4 Qa5+ 12. Bd2 Qc7 13. O-O-O O-O-O 14. Ne4
Ngf6 15. g3 Nxe4 16. Qxe4 Nf6 17. Qe2 Bd6 18. c4 c5 19. Bc3 Rhe8 20. Kb1 Kb8
21. dxc5 Qxc5 22. Nd4 a6 23. Rd2 Ka8 24. Nb3 Qf5+ 25. Rc2 Bc7 26. Nd4 Qe4 27.
Nf3 Rd3 28. Qxe4 Nxe4 29. Be5 Bb6 30. Ne1 Rd1+ 31. Rc1 Rxc1+ 32. Kxc1 Nxf2 33.
Rf1 f6 34. Bc3 Rd8 35. Nf3 e5 36. Kc2 Ne4 37. Be1 Nd6 38. b3 Nf5 39. Kc3 Rd1
40. b4 Ne3 41. Rh1 Bd4+ 42. Kb3 Rd3+ 43. Ka4 Nxc4 0-1

[Event "NJSK 2019 Meisjes A"]
[Site "Assen, Netherlands"]
[Date "2019.04.29"]
[Round "2.3"]
[White "Duson, Robin"]
[Black "Van de Poel, Wyona"]
[Result "1-0"]
[WhiteElo "1981"]
[BlackElo "1584"]
[PlyCount "51"]
[EventDate "2019.??.??"]

1. d4 d5 2. c4 e6 3. Nc3 Nf6 4. cxd5 exd5 5. Bg5 Be7 6. e3 c6 7. Bd3 Nbd7 8.
Qc2 Nf8 9. Nf3 Ne6 10. Bh4 g6 11. O-O O-O 12. Rab1 Ng7 13. b4 a6 14. a4 Bf5 15.
Bxf5 Nxf5 16. Bxf6 Bxf6 17. b5 axb5 18. axb5 Kg7 19. Na4 Be7 20. bxc6 bxc6 21.
Qxc6 Rc8 22. Qb5 Qd6 23. Nc5 Rfd8 24. Nb7 Rb8 25. Nxd6 Rxb5 26. Nxb5 1-0

[Event "NJSK 2019 Meisjes A"]
[Site "Assen, Netherlands"]
[Date "2019.04.30"]
[Round "3.1"]
[White "Waardenburg, Marlinde"]
[Black "Duson, Robin"]
[Result "0-1"]
[WhiteElo "1706"]
[BlackElo "1981"]
[PlyCount "84"]
[EventDate "2019.??.??"]

1. e4 c5 2. Nc3 Nc6 3. f4 g6 4. Nf3 Bg7 5. Bc4 e6 6. d3 Nge7 7. O-O O-O 8. Bb3
Na5 9. Qe1 d6 10. f5 Nxb3 11. axb3 gxf5 12. Qg3 fxe4 13. dxe4 Ng6 14. Qh3 f6
15. Be3 Qe7 16. Nh4 Nxh4 17. Qxh4 Bd7 18. Rf3 Be8 19. Qg3 Bg6 20. h4 a6 21. Re1
Kh8 22. Qh3 Qe8 23. Rf2 Rg8 24. Ref1 f5 25. exf5 Bxf5 26. Qf3 Qc6 27. Qh5 Be5
28. Bg5 Bd4 29. Kh1 Raf8 30. Rf3 Bg6 31. Qg4 Bf5 32. Qh5 Qe8 33. Qxe8 Rxe8 34.
Ne2 Be5 35. c3 Be4 36. R3f2 d5 37. Nf4 Bxf4 38. Rxf4 h6 39. Bf6+ Kh7 40. R1f2
e5 41. Bxe5 Rxe5 42. Rf7+ Rg7 0-1

[Event "NJSK 2019 Meisjes A"]
[Site "Assen, Netherlands"]
[Date "2019.04.30"]
[Round "3.3"]
[White "Koning, Femke"]
[Black "Warnaar, Alisha"]
[Result "1/2-1/2"]
[WhiteElo "1566"]
[BlackElo "1910"]
[PlyCount "76"]
[EventDate "2019.??.??"]

1. e4 c5 2. Nf3 d6 3. Bb5+ Bd7 4. Bxd7+ Qxd7 5. O-O Nc6 6. c3 Nf6 7. Re1 g6 8.
d4 cxd4 9. cxd4 Rc8 10. Nc3 Bg7 11. Be3 O-O 12. Rc1 b6 13. a3 Na5 14. Nd2 Ng4
15. Qf3 Nxe3 16. Qxe3 Rfd8 17. b4 Nc4 18. Nxc4 Rxc4 19. Ne2 Rdc8 20. Rxc4 Rxc4
21. Rc1 Qc7 22. Rxc4 Qxc4 23. Kf1 Qc2 24. f3 Qb2 25. Qd3 Bh6 26. Qc3 Qxc3 27.
Nxc3 f5 28. Ke2 fxe4 29. fxe4 Kf7 30. a4 Ke6 31. Nb5 a5 32. bxa5 bxa5 33. Na7
d5 34. Kd3 Bf4 35. Nc6 dxe4+ 36. Kxe4 Bc7 37. h3 Bb6 38. Ne5 Bc7 1/2-1/2

[Event "NJSK 2019 Meisjes A"]
[Site "Assen, Netherlands"]
[Date "2019.05.04"]
[Round "7.2"]
[White "Duson, Robin"]
[Black "Basa, Manasvita"]
[Result "1-0"]
[WhiteElo "1981"]
[BlackElo "1532"]
[PlyCount "121"]
[EventDate "2019.??.??"]

1. d4 d5 2. c4 e6 3. Nc3 Be7 4. Bf4 Nf6 5. e3 O-O 6. a3 a6 7. Rc1 Nbd7 8. Nf3
Nh5 9. cxd5 Nxf4 10. exf4 Nb6 11. dxe6 Bxe6 12. Bd3 f5 13. O-O Bf6 14. Ne5 Qd6
15. Ne2 Rad8 16. Qc2 Nd5 17. g3 g6 18. Rfd1 Kg7 19. b4 c6 20. Qc5 Be7 21. Qxd6
Rxd6 22. Bc4 g5 23. Bxd5 Bxd5 24. fxg5 Bxg5 25. f4 Bd8 26. Nc3 Bg8 27. Kf2 Bb6
28. Ke3 Rfd8 29. Ne2 Ra8 30. Rb1 Rad8 31. a4 Kf6 32. h3 h5 33. Rb2 Kg7 34. a5
Ba7 35. Rd3 Kf6 36. Rbd2 Kg7 37. Rd1 Kf6 38. g4 fxg4 39. hxg4 hxg4 40. Nxg4+
Kf5 41. Ne5 Rf8 42. Ng3+ Kf6 43. Ne4+ Ke6 44. Nxd6 Kxd6 45. Rg1 Bh7 46. Rd2 Bf5
47. Rg7 Bc8 48. Rg5 Bf5 49. Rh2 Kd5 50. Rhh5 Bxd4+ 51. Kd2 Ke4 52. Nd3 Be3+ 53.
Ke2 Bxf4 54. Rh4 Be6 55. Re5+ Kd4 56. Rxe6 Kd5 57. Rxf4 Rxf4 58. Nxf4+ Kc4 59.
Nd3 Kb5 60. Re7 b6 61. Rb7 1-0

[Event "NJSK 2019 Meisjes A"]
[Site "Assen, Netherlands"]
[Date "2019.05.04"]
[Round "7.3"]
[White "Waardenburg, Marlinde"]
[Black "Warnaar, Alisha"]
[Result "0-1"]
[WhiteElo "1706"]
[BlackElo "1910"]
[PlyCount "144"]
[EventDate "2019.??.??"]

1. d4 Nf6 2. c4 g6 3. Nc3 Bg7 4. e4 d6 5. Nf3 O-O 6. Be2 e5 7. dxe5 dxe5 8.
Qxd8 Rxd8 9. Bg5 c6 10. Nxe5 Re8 11. O-O-O Na6 12. Nf3 Nc5 13. Nd2 Nfd7 14. f3
f5 15. Rhe1 Bxc3 16. bxc3 fxe4 17. Bf1 Re5 18. f4 Re8 19. Nb3 a5 20. Rd4 Nxb3+
21. axb3 Nc5 22. Kb2 Bf5 23. Rd2 a4 24. b4 Ne6 25. Bh6 Nd8 26. Bg5 Nf7 27. Bh4
e3 28. Rdd1 Bg4 29. Be2 Nh6 30. Bg5 Bxe2 31. Rxe2 Nf7 32. Bh4 Re4 33. Rd3 Rae8
34. Ka3 Rxf4 35. Bg3 Rxc4 36. Rdxe3 Rxc3+ 37. Rxc3 Rxe2 38. Kxa4 Rxg2 39. Re3
Rc2 40. Re8+ Kg7 41. Kb3 Rc1 42. Kb2 Rc4 43. Kb3 b5 44. Re7 Kf6 45. Rd7 g5 46.
Rd2 h5 47. Bc7 Ne5 48. Rf2+ Rf4 49. Re2 Rf3+ 50. Kc2 Ng4 51. Kd2 Rb3 52. Bd6
Rb2+ 53. Ke1 Rxe2+ 54. Kxe2 Ke6 55. Bb8 Kd5 56. h3 Nf6 57. Ba7 Kc4 58. Bc5 Nd5
59. Kf3 g4+ 60. hxg4 hxg4+ 61. Kxg4 Nxb4 62. Be7 Nd3 63. Kf3 b4 64. Ke2 Kc3 65.
Kd1 c5 66. Bf6+ Kb3 67. Kd2 c4 68. Bg7 Nb2 69. Kc1 c3 70. Bh6 Ka2 71. Kc2 Na4
72. Bg5 b3+ 0-1

[Event "NJSK 2019 Meisjes A"]
[Site "Assen, Netherlands"]
[Date "2019.05.04"]
[Round "8.1"]
[White "Waardenburg, Feline"]
[Black "Duson, Robin"]
[Result "1/2-1/2"]
[WhiteElo "1742"]
[BlackElo "1981"]
[PlyCount "107"]
[EventDate "2019.??.??"]

1. d4 Nf6 2. c4 e6 3. Nc3 Bb4 4. e3 O-O 5. Bd3 d5 6. Nge2 dxc4 7. Bxc4 e5 8.
O-O exd4 9. exd4 c6 10. a3 Bd6 11. d5 cxd5 12. Nxd5 Nc6 13. Ng3 Ne5 14. Bb3
Nxd5 15. Qxd5 Be6 16. Qd1 Bxb3 17. Qxb3 Qc7 18. Be3 b6 19. Rac1 Qd7 20. Rfd1
Rfd8 21. Ne4 Qe7 22. h3 Bc7 23. Ng3 Rxd1+ 24. Rxd1 Rd8 25. Rxd8+ Qxd8 26. Nf5
Qd3 27. Qxd3 Nxd3 28. Bd4 Be5 29. Bxe5 Nxe5 30. Kf1 Nc4 31. Nd4 Nxb2 32. Nc6 a6
33. Nb8 a5 34. Nd7 b5 35. Nb6 b4 36. axb4 axb4 37. Ke2 Kf8 38. Kd2 Ke7 39. Kc2
Ke6 40. Kxb2 f5 41. Nc4 Kd5 42. Ne3+ Ke4 43. Kb3 f4 44. Nc2 Kd3 45. Nxb4+ Ke2
46. Nd5 g5 47. h4 h6 48. hxg5 hxg5 49. g3 fxg3 50. fxg3 Kf3 51. Kc3 Kxg3 52.
Ne3 Kf3 53. Kd2 g4 54. Nxg4 1/2-1/2

[Event "NJSK 2019 Meisjes A"]
[Site "Assen, Netherlands"]
[Date "2019.05.04"]
[Round "9.1"]
[White "Duson, Robin"]
[Black "Waardenburg, Feline"]
[Result "1/2-1/2"]
[WhiteElo "1981"]
[BlackElo "1742"]
[PlyCount "82"]
[EventDate "2019.??.??"]

1. d4 Nf6 2. c4 g6 3. Nc3 d5 4. Qb3 dxc4 5. Qxc4 Bg7 6. Nf3 O-O 7. e4 Nc6 8. d5
Na5 9. Qd3 e6 10. b4 exd5 11. bxa5 dxe4 12. Qxd8 Rxd8 13. Ne5 Nd5 14. Bb2 Bxe5
15. Rd1 Be6 16. Nxd5 Bxb2 17. Bc4 Be5 18. O-O c6 19. Ne3 Bxc4 20. Nxc4 Bg7 21.
Nd6 Rab8 22. Nxe4 f5 23. Nc5 b6 24. Ne6 Rxd1 25. Rxd1 Bc3 26. axb6 axb6 27. Kf1
c5 28. Nf4 Be5 29. Nd5 Bd4 30. Ne7+ Kf7 31. Nc6 Ra8 32. Nxd4 cxd4 33. Rxd4 Rxa2
34. Rd7+ Kg8 35. Rd8+ Kf7 36. Rd7+ Kg8 37. Rd8+ Kg7 38. Rd7+ Kh6 39. g3 b5 40.
Rb7 Rb2 41. Kg2 b4 1/2-1/2

[Event "NJSK 2019 Meisjes A"]
[Site "Assen, Netherlands"]
[Date "2019.05.04"]
[Round "10.1"]
[White "Duson, Robin"]
[Black "Waardenburg, Feline"]
[Result "0-1"]
[WhiteElo "1981"]
[BlackElo "1742"]
[PlyCount "116"]
[EventDate "2019.??.??"]

1. e4 c6 2. d4 d5 3. e5 Bf5 4. Nf3 e6 5. Be2 Nd7 6. Nbd2 Ne7 7. O-O c5 8. dxc5
Nc6 9. c4 d4 10. Nb3 Nxc5 11. Nbxd4 Nxd4 12. Nxd4 Bg6 13. Nb5 a6 14. Nc3 Be7
15. Be3 Nd7 16. f4 O-O 17. Bf3 Qc7 18. b3 Rad8 19. Qe2 Nc5 20. Rad1 Bd3 21. Qf2
Bxf1 22. Qxf1 Qa5 23. Ne4 Nxe4 24. Bxe4 Qxa2 25. Re1 Qxb3 26. Qf3 Qc3 27. Kf2
Qxc4 28. Bc1 Bc5+ 29. Kg3 Qa2 30. Bd3 Bf2+ 31. Qxf2 Rxd3+ 32. Be3 Qb3 33. Kg4
a5 34. Bc5 Rc8 35. Rc1 Rd5 36. Be3 Rxc1 37. Bxc1 Qd1+ 38. Kh3 Qxc1 39. Qa7 Rd8
40. Qb6 Qc3+ 41. g3 Rc8 42. Qxb7 a4 43. f5 Rf8 44. f6 g6 45. Qe4 Qc1 46. Qxa4
Qf1+ 47. Kg4 Qf5+ 48. Kh4 g5+ 49. Kh5 Qg6+ 50. Kg4 h5+ 51. Kf3 Qf5+ 52. Kg2
Qxe5 53. h4 Qxf6 54. hxg5 Qxg5 55. Qc4 Rd8 56. Qe4 Rd2+ 57. Kg1 Qxg3+ 58. Kh1
Qh2# 0-1